Pensar el siglo XX

I tiakina i:
Ngā taipitopito rārangi puna kōrero
Ngā kaituhi matua: Judt, Tony (Author), Snyder, Timothy (Author)
Hōputu: Pukapuka
Reo:Pāniora
I whakaputaina: Cuernavaca Santillana Ediciones Generales S. A 2012
Putanga:2a. ed
Rangatū:Taurus Historia
Ngā marau:
Ngā Tūtohu: Tāpirihia he Tūtohu
Kāore He Tūtohu, Me noho koe te mea tuatahi ki te tūtohu i tēnei pūkete!

MARC

LEADER 00000cam a2200000 a 4500
001 UCF9680
003 CL-VaPUC
005 20211124074209.0
008 131206e20120600mx |||||||||||||||||spa|d
999 |c 354095  |d 354093 
020 |a 9786071120731 
040 |c Pontificia Universidad Católica de Valparaíso 
082 0 4 |a 320.092 JUD 2012  |2 21 
100 |a Judt, Tony  |e author  |9 597174 
245 1 0 |a Pensar el siglo XX 
250 |a 2a. ed 
260 |a Cuernavaca  |b Santillana Ediciones Generales S. A  |c 2012 
300 |a 400 páginas  
490 0 |a Taurus Historia 
583 |a last modification  |c 20131206 11:14:00  |k Rodrigo Vera 
650 0 |a Ciencia política  |9 324218 
650 0 |a Política y gobierno  |9 255151 
650 7 |a HISTORIA UNIVERSAL SIGLO 20  |2 CL-VaPUC  |9 361893 
700 0 |a Snyder, Timothy  |e author  |9 572040 
942 |c BK  |2 ddc 
945 |d 20131206 11:14:00  |a dcastane 
952 |0 0  |1 0  |3 erb  |4 0  |6 320_092000000000000_JUD_2012  |7 0  |8 A  |9 459746  |a BIBHIS  |b BIBHIS  |i 5032288  |l 2  |o 320.092 JUD 2012  |p 5032288  |r 2025-04-04  |s 2025-04-04  |w 2019-11-23  |y BK  |z Catalogado en:20131206  |k HIS